Keynes's general theory, the rate of interest and Keynesian economics : Keynes betrayed (Record no. 226020)

MARC details
000 -LEADER
fixed length control field 00729nam a2200229Ia 4500
008 - FIXED-LENGTH DATA ELEMENTS--GENERAL INFORMATION
fixed length control field 191130s2007##################000#0#eng##
020 ## - INTERNATIONAL STANDARD BOOK NUMBER
ISBN 9781403996282
082 ## - DEWEY DECIMAL CLASSIFICATION NUMBER
Classification number 330.156 TIL
100 ## - MAIN ENTRY--AUTHOR NAME
Personal name Tily, Geoff
245 ## - TITLE STATEMENT
Title Keynes's general theory, the rate of interest and Keynesian economics : Keynes betrayed
Statement of responsibility, etc Geoff Tily
260 ## - PUBLICATION, DISTRIBUTION, ETC. (IMPRINT)
Place of publication New York
Name of publisher Palgrave Macmillan
Year of publication 2007
300 ## - PHYSICAL DESCRIPTION
Number of Pages x, 346 p. : ill. ; 23 cm
500 ## - GENERAL NOTE
General note Includes bibliographical references (p. 325-335) and index
650 ## - SUBJECT ADDED ENTRY--TOPICAL TERM
Topical Term Keynesian economics
Topical Term Macroeconomics
700 ## - ADDED ENTRY--PERSONAL NAME
Personal name Keynes, John Maynard
991 ## -
-- 39974
Holdings
Withdrawn status Lost status Damaged status Not for loan Home library Current library Shelving location Date acquired Full call number Accession Number Price effective from Koha item type
        Anna Centenary Library Anna Centenary Library 4TH FLOOR, A WING 13.10.2020 330.156 TIL 307102 13.10.2020 English Books

Find us on the map